000 01632cam a2200457Ka 4500
999 _c111418
_d111418
003 BJBSDDR
005 20230411090035.0
007 ta
008 971212s2006 sp a b 001 0 spa d
020 _a9682300460 (Obra completa)
020 _a9789682300462 (Obra completa)
020 _a968231657X (v. 1)
020 _a9789682316579 (v. 1)
020 _a9682316022 (v. 2)
020 _a9789682316029 (v. 2)
020 _a9682315662 (v. 3)
020 _a9789682315664 (v. 3)
020 _a9682314488 (v. 4)
020 _a9789682314483 (v. 4)
020 _a9682314496 (v. 5)
020 _a9789682314490 (v. 5)
035 _a(OCoLC)ocm47255728
035 _a(OCoLC)47255728
040 _aUBP
_bspa
_cUBP
041 1 _aspa
_heng
049 _aGRAL
050 1 4 _aT 15
_bW727h 2006
100 1 _aWilliams, Trevor I.
_q(Trevor Illtyd)
240 1 0 _aShort history of twentieth-century technology c. 1900-1950.
_lEspañol
245 1 0 _aHistoria de la tecnología /
_cpor Trevor I. Williams ; traductor Juan C. Navascués Howard.
250 _a9na edición en español
260 _aMadrid :
_bSiglo Veintiuno Editores,
_c2006.
300 _a5 v. :
_bil. ;
_c18 cm.
500 _aTraduccion de: A short history of technology.
500 _aSecuela de: A short history of technology from the earliest times to A.D. 1900 / by T.K. Derry and Trevor I. Williams.
505 0 _aV. 5 : Desde 1900 hasta 1950 (II) / Trevor I. Williams. -- pp. 295-607
650 4 _aTecnología
_xHistoria
_913698
700 1 _aNavascués Howard, Juan C.
_922595
_etraductor
_q(Juan Carlos)
942 _2lcc
_cBK
946 _amm